<?xml version="1.0" encoding="UTF-8"?>
<marc:record xmlns:marc="http://www.loc.gov/MARC21/slim">
   <marc:leader>00000nam a2200000 a 4500</marc:leader>
   <marc:datafield ind1=" " ind2=" " tag="653">
      <marc:subfield code="a">Softcover / Kinder- und Jugendbücher/Lieder</marc:subfield>
   </marc:datafield>
   <marc:datafield ind1=" " ind2=" " tag="653">
      <marc:subfield code="a">Songs</marc:subfield>
   </marc:datafield>
   <marc:datafield ind1="0" ind2="0" tag="245">
      <marc:subfield code="a">Herzlichen Glückwunsch, kleines Huhn!</marc:subfield>
   </marc:datafield>
   <marc:datafield ind1="0" ind2="0" tag="245">
      <marc:subfield code="c">Franziska Biermann ; Nils Kacirek ; Susanne Koppe</marc:subfield>
   </marc:datafield>
   <marc:datafield ind1=" " ind2="1" tag="264">
      <marc:subfield code="a">Hamburg</marc:subfield>
      <marc:subfield code="b">Terzio</marc:subfield>
      <marc:subfield code="c">2013</marc:subfield>
   </marc:datafield>
   <marc:datafield ind1="1" ind2=" " tag="520">
      <marc:subfield code="a">Angaben aus der Verlagsmeldung

Herzlichen Glückwunsch, kleines Huhn! : eddi präsentiert: Die 24 schönsten Kinderlieder zum Anschauen, Hören und Mitzwitschern! - Buch mit CD / von Susanne Koppe

Die Bühne gibt den Blick frei auf einen idyllisch gelegenen Bauernhof, im Vordergrund klappert die Mühle am rauschenden Bach, Meister Jakob schläft nicht mehr und im Garten summen die Bienchen. Im Frühtau zu Berge machen sich die Wanderer auf den Weg, weil die Morgenstund Gold im Mund hat und sie es schon mal vernommen haben, dass es heut ein Fest bei den Fröschen gibt und ein Küken schlüpfen wird. Da heißt es backe, backe Kuchen, bevor der Mops in die Küche kommt, denn die Affen rasen durch den Wald und alle Vögel sind schon da. Fein gemacht haben sich auch der Kuckuck und der Esel, und alle zusammen singen: Herzlichen Glückwunsch, kleines Huhn!

Mit Noten und CD im Buch!
(Laufzeit ca. 55 Min.)
</marc:subfield>
   </marc:datafield>
   <marc:datafield ind1=" " ind2=" " tag="020">
      <marc:subfield code="a">9783551271266</marc:subfield>
      <marc:subfield code="9">9783551271266</marc:subfield>
   </marc:datafield>
   <marc:datafield ind1=" " ind2=" " tag="020">
      <marc:subfield code="a">3551271267</marc:subfield>
      <marc:subfield code="9">3551271267</marc:subfield>
   </marc:datafield>
   <marc:datafield ind1=" " ind2=" " tag="300">
      <marc:subfield code="a">60] S.</marc:subfield>
   </marc:datafield>
</marc:record>
